Diversity and education of the nursing workforce 2006-2016 / (Record no. 361426)
[ view plain ]
| 000 -LEADER | |
|---|---|
| fixed length control field | 00643nam a2200181Ia 4500 |
| 008 - FIXED-LENGTH DATA ELEMENTS--GENERAL INFORMATION | |
| fixed length control field | 190422s9999 xx 000 0 und d |
| 100 ## - MAIN ENTRY--PERSONAL NAME | |
| Personal name | Covner, Christine T. |
| 245 ## - TITLE STATEMENT | |
| Title | Diversity and education of the nursing workforce 2006-2016 / |
| 245 ## - TITLE STATEMENT | |
| Statement of responsibility, etc | Christine T. Covner PhD RN FAAN, Maja Djukic PhD Rn, Jin Jun MSN RN, Jason Fletcher PhD, Farida K. Fatehi MS BDS, & Carol S. Brewer PhD RN FAAN .-- |
| 260 ## - PUBLICATION, DISTRIBUTION, ETC. (IMPRINT) | |
| Name of publisher, distributor, etc | Elsevier |
| 260 ## - PUBLICATION, DISTRIBUTION, ETC. (IMPRINT) | |
| Date of publication, distribution, etc | 2018 |
| 300 ## - PHYSICAL DESCRIPTION | |
| Extent | pages 160-167, March/April 2018 |
| 440 ## - SERIES STATEMENT/ADDED ENTRY--TITLE | |
| Title | Nursing Outlook |
| Volume number/sequential designation | 66(2) |
| 650 ## - SUBJECT ADDED ENTRY--TOPICAL TERM | |
| Topical term or geographic name as entry element | Health economics |
| 650 ## - SUBJECT ADDED ENTRY--TOPICAL TERM | |
| Topical term or geographic name as entry element | Nursing |
| 650 ## - SUBJECT ADDED ENTRY--TOPICAL TERM | |
| Topical term or geographic name as entry element | Work force |
| 650 ## - SUBJECT ADDED ENTRY--TOPICAL TERM | |
| Topical term or geographic name as entry element | Workforce Issues |
No items available.